| 000 | 01085nam a22002537a 4500 | ||
|---|---|---|---|
| 999 |
_c23027 _d23027 |
||
| 003 | AR-CdUCM | ||
| 008 | 240909b20122012 pe||||| |||| 00| 0 spa d | ||
| 020 | _a978-612-302-855-8 | ||
| 040 |
_aMUNICIPALIDAD PROVINCIAL DEL CUSCO _cBIBLIOTECA MUNICIPAL DEL CUSCO |
||
| 041 | _hspa | ||
| 082 |
_2Primera edición _a617.110083 / C17 _bC17 |
||
| 100 |
_aCalixto Arredondo, Edith _950320 |
||
| 245 | _aAtención integral del niño quemado / | ||
| 260 |
_aLima : _bEditorial San Marcos _c2012 |
||
| 300 |
_a208 páginas. : _c24.5 cm. |
||
| 500 | _z Bibliografía: página 207 | ||
| 505 | _aAnatomía fisiología de la piel -- Clasificación de quemaduras -- Proceso de atención de enfermería en quemados -- Cuidados de enfermería -- Métodos de curaciones de lesiones por quemaduras -- Nutrición en quemados -- Rehabilitación -- Prevención de quemaduras en niños | ||
| 650 |
_aFisiología de la piel _950321 |
||
| 650 |
_aPlan de alta _950322 |
||
| 650 |
_aCirugía de quemaduras _950323 |
||
| 650 |
_aEscarectomia _950324 |
||
| 942 |
_2ddc _cLIBROS |
||
| 945 |
_apbj _d2024-09-09 |
||